Text Book of Forensic Pharmacy (Record no. 8532)
[ view plain ]
| 000 -LEADER | |
|---|---|
| fixed length control field | 00357nam a22001337a 4500 |
| 008 - FIXED-LENGTH DATA ELEMENTS--GENERAL INFORMATION | |
| fixed length control field | 200317b ||||| |||| 00| 0 eng d |
| 082 ## - DEWEY DECIMAL CLASSIFICATION NUMBER | |
| Classification number | 614.1 SUT |
| 100 ## - MAIN ENTRY--PERSONAL NAME | |
| Personal name | Suresh, B |
| 245 ## - TITLE STATEMENT | |
| Title | Text Book of Forensic Pharmacy |
| 250 ## - EDITION STATEMENT | |
| Edition statement | 19th |
| Remainder of edition statement | 2020 |
| 260 ## - PUBLICATION, DISTRIBUTION, ETC. (IMPRINT) | |
| Place of publication, distribution, etc | New Delhi |
| Name of publisher, distributor, etc | Birla Publications Pvt. Ltd. |
| 650 ## - SUBJECT ADDED ENTRY--TOPICAL TERM | |
| Topical term or geographic name as entry element | Pharmaceutical Jurisprudence |
| 942 ## - ADDED ENTRY ELEMENTS (KOHA) | |
| Source of classification or shelving scheme | Dewey Decimal Classification |
| Koha item type | Text Books |
| Withdrawn status | Lost status | Source of classification or shelving scheme | Damaged status | Not for loan | Collection code | Home library | Current library | Date acquired | Source of acquisition | Currency | Cost, normal purchase price | Bill Number | Total Checkouts | Full call number | Acc. no. / Barcode | Date last seen | Date last borrowed | Copy number | Actual Cost, discounted price | Bill Date | Koha item type | Shelving location |
|---|---|---|---|---|---|---|---|---|---|---|---|---|---|---|---|---|---|---|---|---|---|---|
| Dewey Decimal Classification | B.Pharma | PIET C-LIBRARY | PIET C-LIBRARY | 06/01/2020 | Kirti Prakashan | IN Rupees | 150.00 | IN5972 | 2 | 614.1 SUT | BP84 | 21/05/2026 | 04/05/2026 | 1 | 100.50 | 06/01/2020 | Text Books | |||||
| Dewey Decimal Classification | B.Pharma | PIET C-LIBRARY | PIET C-LIBRARY | 06/01/2020 | Kirti Prakashan | IN Rupees | 150.00 | IN5972 | 3 | 614.1 SUT | BP85 | 18/09/2025 | 16/09/2025 | 2 | 100.50 | 06/01/2020 | Text Books | |||||
| Dewey Decimal Classification | B.Pharma | PIET C-LIBRARY | PIET C-LIBRARY | 06/01/2020 | Kirti Prakashan | IN Rupees | 150.00 | IN5972 | 3 | 614.1 SUT | BP86 | 18/05/2026 | 04/05/2026 | 3 | 100.50 | 06/01/2020 | Text Books | |||||
| Dewey Decimal Classification | B.Pharma | PIET C-LIBRARY | PIET C-LIBRARY | 06/01/2020 | Kirti Prakashan | IN Rupees | 150.00 | IN5972 | 614.1 SUT | BP87 | 17/03/2020 | 4 | 100.50 | 06/01/2020 | Reference Books | Ref. Sec. R08 |